Žena v pracovnom procese sociálnopsychologické a ergonomické problémy žien v pracovnom procese
Enregistré dans:
| Format: | Livre |
|---|---|
| Langue: | slovaque |
| Publié: |
Bratislava
Dom techniky ČSVTS
1984
|
| Tags: |
Pas de tags, Soyez le premier à ajouter un tag!
|
MARC
| LEADER | 00000nam a2200000 4500 | ||
|---|---|---|---|
| 001 | c117100 | ||
| 005 | 20041019155206.5 | ||
| 041 | 0 | |a slo | |
| 044 | |a SK | ||
| 245 | 1 | 0 | |a Žena v pracovnom procese |b sociálnopsychologické a ergonomické problémy žien v pracovnom procese |
| 264 | 1 | |a Bratislava |b Dom techniky ČSVTS |c 1984 | |
| 300 | |a 140 s. | ||